| 000 | 01019cab a2200217 4500 | ||
|---|---|---|---|
| 001 | ABS60652 | ||
| 008 | 090401t1999 xxu||||| |||| 00| 0 eng d | ||
| 035 | _a(Sirsi) u93794 | ||
| 041 | _aeng | ||
| 100 | _aHolloway, D. | ||
| 245 | _aLettings sector considers a tenant`s deposit scheme | ||
| 260 | _c1999 | ||
| 350 | _a0 | ||
| 490 |
_aCSM _bChartered Surveyor Monthly _v8(9) May 1999, 38-39(2) |
||
| 520 | _aGovernment and the lettings industry are working together to introduce higher standards of managing tenants' deposits. The RICS position is set out in the government approved RICS management codes and recently published guidance notes for letting residential property. As a whole the sector has to consider - the legal basis for holding a deposit; how and where it is held during the tenancy; and how it is distributed at the end of the tenancy. Discusses the issues. | ||
| 650 | _aDEPOSITS | ||
| 650 | _aRESIDENTIAL LETTINGS | ||
| 690 |
_aBlock management _96220 |
||
| 942 | _n0 | ||
| 948 | _c08/06/1999 | ||
| 999 |
_c59446 _d59446 |
||